5HLuxD.jpg

KING HENRY VIII SENIOR AND PRIMARY SCHOOL LIBRARY OPAC

Kitanai and Cavity Croc brush their teeth / (Record no. 1402)

000 -LEADER
fixed length control field 01329cam a2200337 i 4500
001 - CONTROL NUMBER
control field 18170866
003 - CONTROL NUMBER IDENTIFIER
control field OSt
005 - DATE AND TIME OF LATEST TRANSACTION
control field 20221229110338.0
008 - FIXED-LENGTH DATA ELEMENTS--GENERAL INFORMATION
fixed length control field 140530t20152015mnua j b 001 0 eng
010 ## - LIBRARY OF CONGRESS CONTROL NUMBER
LC control number 2014021102
020 ## - INTERNATIONAL STANDARD BOOK NUMBER
International Standard Book Number 9781479561124 (pbk.)
040 ## - CATALOGING SOURCE
Original cataloging agency DLC
Language of cataloging eng
Description conventions rda
Transcribing agency DLC
Modifying agency DLC
-- KH8
042 ## - AUTHENTICATION CODE
Authentication code pcc
082 00 - DEWEY DECIMAL CLASSIFICATION NUMBER
Classification number 617.60083 TRO
Edition number 23
100 1# - MAIN ENTRY--PERSONAL NAME
Personal name Troupe, Thomas Kingsley.
Relator term author
245 10 - TITLE STATEMENT
Title Kitanai and Cavity Croc brush their teeth /
Statement of responsibility, etc. by Thomas Kingsley Troupe ; illustrated by Jamey Christoph.
264 #1 - PRODUCTION, PUBLICATION, DISTRIBUTION, MANUFACTURE, AND COPYRIGHT NOTICE
Place of production, publication, distribution, manufacture North Mankato, Minnesota :
Name of producer, publisher, distributor, manufacturer Picture Window Books, a Capstone imprint,
Date of production, publication, distribution, manufacture, or copyright notice [2015]
300 ## - PHYSICAL DESCRIPTION
Extent 24 pages :
Other physical details color illustrations ;
Dimensions 23 cm
336 ## - CONTENT TYPE
Content type term text
Source rdacontent
337 ## - MEDIA TYPE
Media type term unmediated
Source rdamedia
338 ## - CARRIER TYPE
Carrier type term volume
Source rdacarrier
504 ## - BIBLIOGRAPHY, ETC. NOTE
Bibliography, etc. note Includes bibliographical references (page 23) and index.
520 ## - SUMMARY, ETC.
Summary, etc. "Kitanai the dog teaches Cavity Croc how to keep teeth clean"--
Assigning source Provided by publisher.
521 1# - TARGET AUDIENCE NOTE
Target audience note Ages 5-7
521 2# - TARGET AUDIENCE NOTE
Target audience note K to grade 3
650 #0 - SUBJECT ADDED ENTRY--TOPICAL TERM
Topical term or geographic name entry element Teeth
General subdivision Care and hygiene
Form subdivision Juvenile literature.
700 3# - ADDED ENTRY--PERSONAL NAME
Personal name Christoph, Jamey,
Dates associated with a name 1980-
Relator term illustrator.
906 ## - LOCAL DATA ELEMENT F, LDF (RLIN)
a 7
b cbc
c orignew
d 1
e ecip
f 20
g y-gencatlg
942 ## - ADDED ENTRY ELEMENTS (KOHA)
Source of classification or shelving scheme
Koha item type Books - Non Ficton
Holdings
Withdrawn status Lost status Source of classification or shelving scheme Damaged status Not for loan Collection code Permanent Location Current Location Shelving location Date acquired Total Checkouts Full call number Barcode Date last seen Date last checked out Price effective from Koha item type
          Non-Fiction KH8 Primary School Library KH8 Primary School Library Non Fiction 2022-12-29 9 617.60083 TRO KHPL000003179 2025-12-05 2025-03-19 2022-12-29 Books - Non Ficton

Powered By KH8 IT Dept